Представление документа в формате RUSMARC

ПолеНазваниеЗначение
  Тип записи a
  Библиографический уровень m
001 Контрольный номер RU/SLIB/B/208704284
005 Дата корректировки 20201206203844.1
010 Индекс ISBN __
d Цена 1-80
101 Язык документа __
a Язык текста rus
200 Заглавие и сведения об ответственности __
a Заглавие О современной военной прозе
f Первые сведения об ответственности А. М. Адамович
b Общее обозначение материала Текст
210 Выходные данные __
a Место издания М.
c Издательство Совет. писатель
d Дата издания 1981
215 Физическое описание __
a Объем 440 с.
600 Персоналии __
a Персоналии (Фамилия) Горецкий, М. И.
g Полное имя Максим Иванович
600 Персоналии __
a Персоналии (Фамилия) Быков, В. В.
g Полное имя Василь Владимирович
600 Персоналии __
a Персоналии (Фамилия) Мележ, И. П.
g Полное имя Иван Павлович
600 Персоналии __
a Персоналии (Фамилия) Брыль, Я.
c Дополнение к имени Брыль, И. А.
g Полное имя Янка
600 Персоналии __
a Персоналии (Фамилия) Распутин, В. Г.
g Полное имя Валентин Григорьевич
600 Персоналии __
a Персоналии (Фамилия) Козьков, В.
600 Персоналии __
a Персоналии (Фамилия) Толстой, Л. Н.
g Полное имя Лев Николаевич
600 Персоналии __
a Персоналии (Фамилия) Чорный, К.
c Дополнение к имени Романовский, Н. К.
g Полное имя Кузьма
606 Тематические рубрики __
a Основная рубрика Литературоведение
y Географическая подрубрика Россия; СССР; Белоруссия
606 Тематические рубрики __
a Основная рубрика Литература Европы
606 Тематические рубрики __
a Основная рубрика Русская литература в целом
610 Ключевые слова __
a Ключевые слова советская литература; прозаики; русская литература; военная проза; писатели; советские писатели; персоналии; проза; белорусская литература; белорусские писатели; литературная деятельность; литературное творчество; творческая деятельность
686 Индексы других классификаций __
2 Код системы rubbks
a Классификационный индекс 83.3(4Беи)
686 Индексы других классификаций __
a Классификационный индекс 83.3(2Рос=Рус); ст83.3(2Рос=Рус)
700 Автор _1
a Фамилия Адамович
b Имя А. М.
4 Код отношения 070
801 Источник записи _0
a Страна RU
b Организация Муниципальное бюджетное учреждение культуры "Централизованная библиотечная система" г. Сургут (Центральная городская библиотека им. А. С. Пушкина)
801 Источник записи _1
a Страна RU
b Организация Муниципальное бюджетное учреждение культуры "Централизованная библиотечная система" г. Сургут (Центральная городская библиотека им. А. С. Пушкина)
852 Данные о местонахождении __
j Шифр хранения 83.3(4Беи)
c Каталожный индекс 83.3(4Беи); 83.3(2Рос=Рус)
i Авторский знак А 28
p Инвентарный номер 6662
901 Тип документа __
t Тип документа m
990 Данные о заказе (DOS) 00
j Количество экземпляров (DOS) 1